FIFA 23 TOTW 12 - Statistics

General Stats
  • This quiz has been taken 4 times
  • The average score is 8 of 23
Answer Stats
rat pos club player % Correct
TOTW Starter 88 ST AS Roma Paulo Dybala
100%
TOTW Starter 87 CAM Southampton James Ward-Prowse
75%
TOTW Starter 85 LM Manchester United Marcus Rashford
75%
TOTW Starter 88 CB Chelsea Thiago Silva
75%
TOTW Starter 87 ST Napoli FC (Napoli) Victor Osimhen
75%
TOTW Starter 85 GK Arsenal Aaron Ramsdale
50%
TOTW Reserve 85 ST Lille OSC Jonathan David
50%
TOTW Starter 86 ST Espanyol Joselu
50%
TOTW Starter 86 RM AS Monaco Krépin Diatta
50%
TOTW Reserve 83 GK Villarreal Pepe Reina
50%
TOTW Reserve 83 RW Bergamo Calcio (Atalanta) Ademola Lookman
25%
TOTW Starter 85 CB Rayo Vallecano Florian Lejeune
25%
TOTW Starter 83 LM FC Porto Galeno
25%
TOTW Starter 87 RWB Stade Rennais Hamari Traoré
25%
TOTW Reserve 83 LWB Marseille Sead Kolašinac
25%
TOTW Reserve 83 ST Norwich City Teemu Pukki
25%
TOTW Reserve 79 LB Livingston James Penrice
0%
TOTW Reserve 83 CM Nice Khéphren Thuram
0%
TOTW Reserve 83 CM Almería Lucas Robertone
0%
TOTW Reserve 81 CM Kayserispor Olivier Kemen
0%
TOTW Reserve 79 LW Le Havre Quentin Cornette
0%
TOTW Reserve 82 CM Twente Ramiz Zerrouki
0%
TOTW Reserve 81 CM VfL Osnabrück Robert Tesche
0%
No matching quizzes found
Score Distribution
Percent of People with Each Score
Percentile by Number Answered
Your Score History
You have not taken this quiz